Statistiques concernant Nombres aléatoires dans les langues européennes

Cliquez ici pour prendre le quiz!

Statistiques générales

  • Ce quiz a été pris 1 641 fois
  • Le résultat moyen est 7 sur 20

Statistiques - réponses

LangueNombreMot% Correct
Anglais0zero
98%
Anglais6six
93%
Anglais30thirty
93%
Anglais21twenty one
93%
Anglais2two
93%
Anglais1one
91%
Anglais50fifty
89%
Anglais9nine
89%
Anglais24twenty four
88%
Anglais7seven
87%
Anglais12twelve
87%
Espagnol7siete
86%
Anglais11eleven
85%
Anglais3three
85%
Anglais4four
84%
Anglais29twenty nine
84%
Anglais8eight
83%
Anglais5five
83%
Anglais70seventy
83%
Espagnol1uno
83%
Anglais90ninety
82%
Anglais20twenty
82%
Anglais60sixty
81%
Anglais37thirty seven
81%
Anglais22twenty two
81%
Anglais17seventeen
80%
Anglais16sixteen
80%
Anglais35thirty five
80%
Anglais23twenty three
80%
Anglais19nineteen
79%
Anglais27twenty seven
79%
Anglais34thirty four
78%
Anglais39thirty nine
78%
Italien1uno
78%
Anglais15fifteen
77%
Anglais47forty seven
77%
Anglais36thirty six
77%
Anglais25twenty five
77%
Anglais80eighty
76%
Anglais41forty one
76%
Espagnol8ocho
76%
Anglais10ten
76%
Anglais28twenty eight
76%
Anglais13thirteen
75%
Anglais31thirty one
75%
Espagnol4cuatro
73%
Anglais14fourteen
73%
Anglais33thirty three
73%
Anglais49forty nine
71%
Anglais26twenty six
71%
Espagnol2dos
70%
Anglais40forty
70%
Anglais10 000ten thousand
69%
Anglais46forty six
68%
Anglais42forty two
68%
Anglais48forty eight
67%
Espagnol3tres
66%
Anglais32thirty two
65%
Portugais3três
64%
Italien0zero
64%
Anglais100hundred
62%
Espagnol6seis
62%
Anglais43forty three
61%
Italien4quattro
61%
Espagnol9nueve
60%
Espagnol12doce
58%
Anglais45forty five
58%
Espagnol5cinco
57%
Anglais44forty four
57%
Allemand5fünf
57%
Anglais1 000thousand
57%
Italien3tre
57%
Espagnol10diez
56%
Anglais18eighteen
56%
Espagnol11once
56%
Espagnol1 000mil
55%
Espagnol90noventa
53%
Portugais0zero
52%
Italien6sei
51%
Anglais38thirty eight
51%
Italien5cinque
50%
Espagnol100cien
49%
Allemand3drei
49%
Espagnol15quince
49%
Espagnol20veinte
48%
Espagnol23veintitrés
48%
Espagnol42cuarenta y dos
47%
Espagnol17diecisiete
47%
Espagnol80ochenta
47%
Espagnol25veinticinco
47%
Anglais100 000hundred thousand
46%
Espagnol38treinta y ocho
45%
Espagnol40cuarenta
44%
Italien1 000mille
44%
Italien8otto
44%
Italien7sette
44%
Espagnol35treinta y cinco
44%
Espagnol24veinticuatro
44%
Allemand1eins
43%
Espagnol44cuarenta y cuatro
42%
Allemand13dreizehn
42%
Italien2due
42%
Espagnol13trece
42%
Allemand4vier
42%
Espagnol41cuarenta y uno
41%
Anglais1 000 000million
41%
Allemand7sieben
41%
Espagnol0cero
40%
Allemand8acht
39%
Espagnol18dieciocho
39%
Espagnol60sesenta
39%
Espagnol70setenta
39%
Allemand2zwei
39%
Espagnol16dieciséis
38%
Espagnol36treinta y seis
37%
Espagnol10 000diez mil
35%
Italien9nove
35%
Italien37trentasette
35%
Espagnol39treinta y nueve
34%
Espagnol31treinta y uno
34%
Espagnol28veintiocho
34%
Portugais5cinco
33%
Espagnol49cuarenta y nueve
33%
Espagnol47cuarenta y siete
33%
Portugais1 000mil
33%
Espagnol29veintinueve
33%
Italien20venti
33%
Italien100cento
32%
Italien10dieci
32%
Allemand11elf
32%
Portugais6seis
32%
Espagnol14catorce
31%
Espagnol50cincuenta
31%
Espagnol48cuarenta y ocho
31%
Allemand9neun
31%
Portugais7sete
31%
Espagnol43cuarenta y tres
30%
Allemand0null
30%
Allemand20zwanzig
30%
Allemand18achtzehn
29%
Allemand19neunzehn
29%
Portugais40quarenta
29%
Espagnol27veintisiete
29%
Espagnol100 000cien mil
28%
Allemand43dreiundvierzig
28%
Allemand21einundzwanzig
28%
Portugais9nove
28%
Espagnol45cuarenta y cinco
27%
Allemand90neunzig
27%
Italien30trenta
27%
Allemand10zehn
27%
Espagnol19diecinueve
26%
Allemand15fünfzehn
26%
Italien40quaranta
26%
Allemand26sechsundzwanzig
26%
Allemand17siebzehn
26%
Espagnol30treinta
26%
Italien31trentuno
26%
Italien11undici
26%
Espagnol22veintidós
26%
Espagnol46cuarenta y seis
25%
Allemand25fünfundzwanzig
25%
Allemand30dreißig
24%
Italien33trentatré
24%
Allemand50fünfzig
23%
Allemand100hundert
23%
Allemand29neunundzwanzig
23%
Italien24ventiquattro
23%
Allemand23dreiundzwanzig
22%
Espagnol1 000 000millón
22%
Italien45quarantacinque
22%
Espagnol34treinta y cuatro
22%
Italien39trentanove
22%
Espagnol26veintiséis
22%
Italien44quarantaquattro
21%
Italien15quindici
21%
Portugais60sessenta
21%
Espagnol32treinta y dos
21%
Portugais13treze
21%
Allemand28achtundzwanzig
20%
Portugais90noventa
20%
Allemand60sechzig
20%
Portugais70setenta
20%
Italien28ventotto
20%
Allemand14vierzehn
20%
Allemand22zweiundzwanzig
20%
Allemand48achtundvierzig
19%
Italien47quarantasette
19%
Allemand6sechs
19%
Allemand70siebzig
19%
Portugais1um
19%
Italien25venticinque
19%
Italien22ventidue
19%
Italien29ventinove
19%
Allemand42zweiundvierzig
19%
Allemand45fünfundvierzig
18%
Portugais4quatro
18%
Espagnol21veintiuno
18%
Allemand24vierundzwanzig
18%
Allemand49neunundvierzig
17%
Italien80ottanta
17%
Italien49quarantanove
17%
Italien48quarantotto
17%
Espagnol37treinta y siete
17%
Italien36trentasei
17%
Allemand12zwölf
17%
Allemand80achtzig
16%
Allemand16sechzehn
16%
Allemand1 000tausend
16%
Italien23ventitré
16%
Portugais12doze
15%
Allemand35fünfunddreißig
15%
Italien41quarantuno
15%
Italien10 000diecimila
14%
Portugais2dois
14%
Allemand41einundvierzig
14%
Italien14quattordici
14%
Allemand27siebenundzwanzig
14%
Italien32trentadue
14%
Allemand34vierunddreißig
14%
Allemand44vierundvierzig
14%
Portugais100 000cem mil
13%
Italien18diciotto
13%
Allemand31einunddreißig
13%
Italien16sedici
13%
Italien35trentacinque
13%
Italien26ventisei
13%
Allemand40vierzig
13%
Allemand32zweiunddreißig
13%
Italien60sessanta
12%
Allemand47siebenundvierzig
12%
Italien13tredici
12%
Italien21ventuno
12%
Italien50cinquanta
11%
Portugais50cinquenta
11%
Italien19diciannove
11%
Allemand100 000hunderttausend
11%
Allemand36sechsunddreißig
11%
Italien70settanta
11%
Italien34trentaquattro
11%
Italien1 000 000un milione
11%
Allemand38achtunddreißig
10%
Portugais100cem
10%
Allemand33dreiunddreißig
10%
Italien46quarantasei
10%
Italien43quarantatré
10%
Portugais15quinze
10%
Italien38trentotto
10%
Portugais38trinta e oito
10%
Italien17diciassette
9%
Portugais11onze
9%
Allemand46sechsundvierzig
9%
Portugais36trinta e seis
9%
Portugais31trinta e um
9%
Italien27ventisette
9%
Portugais26vinte e seis
9%
Allemand10 000zehntausend
9%
Portugais19dezanove
8%
Portugais10 000dez mil
8%
Italien90novanta
8%
Portugais49quarenta e nove
8%
Portugais28vinte e oito
8%
Portugais21vinte e um
8%
Portugais10dez
7%
Allemand39neununddreißig
7%
Portugais8oito
7%
Portugais45quarenta e cinco
7%
Portugais48quarenta e oito
7%
Espagnol33treinta y tres
7%
Portugais30trinta
7%
Portugais29vinte e nove
7%
Portugais14catorze
6%
Portugais18dezoito
6%
Italien12dodici
6%
Portugais80oitenta
6%
Italien42quarantadue
6%
Portugais47quarenta e sete
6%
Portugais20vinte
6%
Portugais24vinte e quatro
6%
Allemand1 000 000eine Million
5%
Portugais44quarenta e quatro
5%
Portugais43quarenta e três
5%
Portugais41quarenta e um
5%
Portugais34trinta e quatro
4%
Portugais25vinte e cinco
4%
Portugais17dezassete
3%
Portugais42quarenta e dois
3%
Portugais46quarenta e seis
3%
Allemand37siebenunddreißig
3%
Portugais35trinta e cinco
3%
Portugais39trinta e nove
3%
Portugais37trinta e sete
3%
Portugais1 000 000um milhão
3%
Portugais22vinte e dois
3%
Portugais27vinte e sete
3%
Portugais23vinte e três
2%
Italien100 000centomila
0%
Portugais16dezasseis
0%
Portugais32trinta e dois
0%
Portugais33trinta e três
0%

Distribution des résultats

Percentile par nombre de réponses

% des personnes avec chaque résultat

Votre développement - résultats

Vous n’avez pas pris ce quiz